Star Wars - Wer tötet wen - Statistiken

Allgemein
  • Dieses Quiz wurde 3.061 mal gespielt
  • Das Durchschnittsergebnis liegt bei 8 aus 9
Antwortstatistiken
Person die tot ist Verantwortlich für dessen Tod % Korrekt
Qui-Gon Jinn Darth Maul
97%
Obi-Wan Kenobi Darth Vader
95%
General Grievous Obi-Wan Kenobi
95%
Count Dooku Anakin Skywalker
92%
Mace Windu Palpatine
91%
Jango Fett Mace Windu
88%
Han Solo Kylo Ren
86%
Jabba der Hutte Leia Organa
80%
Shmi Skywalker Lars (Anakin‘s Mutter) Tusken Räuber
64%
Keine übereinstimmenden Quizze gefunden
Verteilung der Resultate
Anzahl Personen mit jedem Resultat
Perzentil nach korrekt beantworteten Fragen
Ihre Resultats-Entwicklung
Sie haben dieses Quiz noch nicht gespielt